町村の代表駅 - Statistics

General Stats
  • This quiz has been taken 67 times
  • The average score is 80 of 255
Answer Stats
都道府県 町村名 Answer % Correct
北海道 斜里町 知床斜里
71%
北海道 洞爺湖町 洞爺
71%
北海道 むかわ町 鵡川
69%
神奈川県 箱根町 箱根湯本
69%
新潟県 湯沢町 越後湯沢
69%
北海道 大空町 女満別
67%
青森県 七戸町 七戸十和田
67%
群馬県 長野原町 長野原草津口
67%
千葉県 一宮町 上総一ノ宮
65%
山梨県 富士河口湖町 河口湖
65%
北海道 沼田町 石狩沼田
64%
群馬県 嬬恋村 大前
64%
群馬県 みなかみ町 水上
64%
千葉県 芝山町 芝山千代田
64%
千葉県 横芝光町 横芝
64%
長野県 小谷村 南小谷
64%
福島県 西郷村 新白河
62%
長野県 木曽町 木曽福島
62%
和歌山県 すさみ町 周参見
62%
北海道 厚真町 浜厚真
60%
北海道 中川町 天塩中川
60%
群馬県 板倉町 板倉東洋大前
60%
富山県 舟橋村 越中舟橋
60%
和歌山県 那智勝浦町 紀伊勝浦
60%
広島県 海田町 海田市
60%
青森県 横浜町 陸奥横浜
58%
岩手県 岩手町 いわて沼宮内
58%
高知県 いの町 伊野
56%
岩手県 紫波町 紫波中央
55%
秋田県 井川町 井川さくら
55%
福島県 棚倉町 磐城棚倉
55%
茨城県 大子町 常陸大子
55%
兵庫県 新温泉町 浜坂
55%
埼玉県 嵐山町 武蔵嵐山
53%
和歌山県 みなべ町 南部
53%
高知県 四万十町 窪川
53%
岩手県 矢巾町 矢幅
51%
長野県 麻績村 聖高原
51%
大阪府 岬町 みさき公園
51%
和歌山県 高野町 高野山
51%
佐賀県 吉野ヶ里町 吉野ヶ里公園
51%
北海道 清水町 十勝清水
49%
北海道 弟子屈町 摩周
49%
山形県 大江町 左沢
49%
福島県 塙町 磐城塙
49%
福島県 柳津町 会津柳津
49%
埼玉県 杉戸町 杉戸高野台
49%
東京都 瑞穂町 箱根ケ崎
49%
岐阜県 揖斐川町 揖斐
49%
奈良県 明日香村 飛鳥
49%
埼玉県 伊奈町 伊奈中央
47%
埼玉県 毛呂山町 毛呂
47%
福井県 永平寺町 永平寺口
47%
長野県 山ノ内町 湯田中
47%
岐阜県 白川町 白川口
47%
静岡県 長泉町 長泉なめり
47%
愛知県 南知多町 内海
47%
奈良県 斑鳩町 法隆寺
47%
山形県 庄内町 余目
45%
福島県 石川町 磐城石川
45%
福島県 南会津町 会津田島
45%
千葉県 神崎町 下総神崎
45%
福井県 高浜町 若狭高浜
45%
長野県 川上村 信濃川上
45%
静岡県 小山町 駿河小山
45%
静岡県 森町 遠州森
45%
兵庫県 香美町 香住
45%
福岡県 遠賀町 遠賀川
45%
熊本県 大津町 肥後大津
45%
北海道 小清水町 浜小清水
44%
青森県 外ヶ浜町 蟹田
44%
宮城県 美里町 小牛田
44%
福島県 小野町 小野新町
44%
栃木県 高根沢町 宝積寺
44%
長野県 松川村 信濃松川
44%
滋賀県 多賀町 多賀大社前
44%
和歌山県 広川町 広川ビーチ
44%
徳島県 海陽町 阿波海南
44%
石川県 宝達志水町 宝達
42%
愛知県 美浜町 河和
42%
三重県 紀北町 紀伊長島
42%
滋賀県 愛荘町 愛知川
42%
和歌山県 由良町 紀伊由良
42%
青森県 鶴田町 陸奥鶴田
40%
青森県 中泊町 津軽中里
40%
宮城県 山元町 山下
40%
群馬県 大泉町 西小泉
40%
富山県 朝日町
40%
福岡県 新宮町 新宮中央
40%
佐賀県 白石町 肥前白石
40%
宮崎県 新富町 日向新富
40%
岩手県 西和賀町 ほっとゆだ
38%
山形県 山辺町 羽前山辺
38%
福島県 大熊町 大野
38%
埼玉県 宮代町 東武動物公園
38%
長野県 栄村 森宮野原
38%
三重県 紀宝町 鵜殿
38%
鳥取県 八頭町 郡家
38%
岩手県 山田町 陸中山田
36%
福島県 浅川町 磐城浅川
36%
福島県 矢祭町 矢祭山
36%
福井県 南越前町 南条
36%
高知県 東洋町 甲浦
36%
長崎県 東彼杵町 彼杵
36%
青森県 東北町 上北町
35%
福島県 下郷町 会津下郷
35%
千葉県 長生村 八積
35%
静岡県 東伊豆町 伊豆稲取
35%
鳥取県 日野町 根雨
35%
広島県 府中町 向洋
35%
福島県 金山町 会津川口
33%
栃木県 那須町 黒田原
33%
埼玉県 上里町 神保原
33%
三重県 大台町 三瀬谷
33%
三重県 川越町 川越富洲原
33%
岩手県 野田村 陸中野田
31%
新潟県 阿賀町 津川
31%
長野県 飯綱町 牟礼
31%
岐阜県 七宗町 上麻生
31%
京都府 精華町 祝園
31%
和歌山県 上富田町 朝来
31%
北海道 共和町 小沢
29%
福島県 会津美里町 会津高田
29%
埼玉県 滑川町 森林公園
29%
千葉県 栄町 安食
29%
長野県 信濃町 黒姫
29%
長野県 天龍村 平岡
29%
静岡県 川根本町 千頭
29%
奈良県 大淀町 下市口
29%
徳島県 美波町 日和佐
29%
高知県 大豊町 大杉
29%
青森県 三戸町 目時
27%
岩手県 洋野町 種市
27%
山形県 白鷹町 荒砥
27%
福島県 国見町 藤田
27%
大阪府 豊能町 妙見口
27%
鳥取県 日南町 生山
27%
佐賀県 太良町 多良
27%
山形県 飯豊町 羽前椿
25%
福井県 若狭町 三方
25%
兵庫県 猪名川町 日生中央
25%
鳥取県 北栄町 由良
25%
福岡県 岡垣町 海老津
25%
北海道 釧路町 別保
24%
新潟県 関川村 越後下関
24%
福井県 おおい町 若狭本郷
24%
山梨県 西桂町 三つ峠
24%
和歌山県 有田川町 藤並
24%
徳島県 藍住町 勝瑞
24%
徳島県 つるぎ町 貞光
24%
福岡県 川崎町 豊前川崎
24%
大分県 玖珠町 豊後森
24%
栃木県 市貝町 市塙
22%
群馬県 東吾妻町 群馬原町
22%
神奈川県 大井町 上大井
22%
山梨県 市川三郷町 市川本町
22%
長野県 木祖村 藪原
22%
長野県 筑北村 西条
22%
長野県 箕輪町 伊那松島
22%
京都府 南山城村 大河原
22%
鳥取県 大山町 大山口
22%
鳥取県 湯梨浜町 松崎
22%
高知県 中土佐町 土佐久礼
22%
福岡県 粕屋町 長者原
22%
青森県 おいらせ町 下田
20%
埼玉県 神川町 丹荘
20%
千葉県 鋸南町 安房勝山
20%
千葉県 東庄町 笹川
20%
岐阜県 神戸町 広神戸
20%
兵庫県 神河町 寺前
20%
青森県 平内町 西平内
18%
岩手県 住田町 上有住
18%
宮城県 柴田町 船岡
18%
秋田県 三種町 森岳
18%
山形県 戸沢村 古口
18%
山形県 中山町 羽前長崎
18%
福島県 楢葉町 竜田
18%
群馬県 明和町 川俣
18%
埼玉県 ときがわ町 明覚
18%
岐阜県 川辺町 中川辺
18%
三重県 明和町 斎宮
18%
京都府 井手町 玉水
18%
鳥取県 琴浦町 浦安
18%
岡山県 勝央町 勝間田
18%
鹿児島県 湧水町 栗野
18%
埼玉県 美里町 松久
16%
石川県 中能登町 能登二宮
16%
三重県 玉城町 田丸
16%
奈良県 川西町 結崎
16%
奈良県 広陵町 箸尾
16%
奈良県 高取町 壺阪山
16%
鳥取県 江府町 江尾
16%
福島県 西会津町 野沢
15%
福島県 三島町 会津宮下
15%
長野県 中川村 伊那田島
15%
長野県 南牧村 佐久海ノ口
15%
三重県 御浜町 阿田和
15%
大阪府 田尻町 吉見ノ里
15%
島根県 奥出雲町 出雲三成
15%
徳島県 東みよし町 阿波加茂
15%
愛媛県 鬼北町 近永
15%
高知県 日高村 日下
15%
福岡県 大刀洗町 西太刀洗
15%
福岡県 築上町 椎田
15%
福岡県 福地町 金田
15%
熊本県 菊陽町 原水
15%
熊本県 球磨村 一勝地
15%
山形県 鮭川村 羽前豊里
13%
群馬県 邑楽町 本中野
13%
山梨県 昭和町 常永
13%
山梨県 南部町 井出
13%
長野県 佐久穂町 海瀬
13%
長野県 高森町 市田
13%
長野県 松川町 伊那大島
13%
和歌山県 日高川町 和佐
13%
鳥取県 伯耆町 岸本
13%
岡山県 美咲町 亀甲
13%
福岡県 みやこ町 犀川
13%
熊本県 玉東町 木葉
13%
岩手県 岩泉町 岩泉尾本
11%
秋田県 八峰町 東八森
11%
山形県 川西町 羽前小松
11%
福島県 湯河村 笈川
11%
京都府 京丹波町 下山
11%
和歌山県 日高町 紀伊内原
11%
岡山県 久米南町 弓削
11%
山口県 阿武町 奈古
11%
愛媛県 松野町 松丸
11%
高知県 黒潮町 土佐入野
11%
福岡県 大木町 八丁牟田
11%
熊本県 南阿蘇村 南阿蘇水の生まれる里白水高原
11%
青森県 南部町 剣吉
9%
岐阜県 池田町 北池野
9%
滋賀県 甲良町 尼子
9%
奈良県 河合町 池部
9%
奈良県 三宅町 但馬
9%
和歌山県 かつらぎ町 妙寺
9%
佐賀県 みやき町 中原
9%
三重県 大紀町 阿曽
7%
兵庫県 市川町 甘地
7%
高知県 芸西村 和食
7%
秋田県 美郷町 飯詰
5%
福島県 玉川村 泉郷
5%
群馬県 甘楽町 上州福島
5%
長野県 南箕輪村 北殿
5%
長野県 泰阜村 門島
5%
広島県 世羅町 備後三川
5%
福岡県 筑前町 山隈
5%
熊本県 芦北町 佐敷
5%
栃木県 芳賀町 芳賀町工業団地管理センター
4%
香川県 三木町 学園通り
4%
大分県 九重町 引治
4%
熊本県 相良村 川村
2%
香川県 まんのう町 羽間
0%
熊本県 錦町 一武
0%
No matching quizzes found
Score Distribution
Percent of People with Each Score
Percentile by Number Answered
Your Score History
You have not taken this quiz